| 000 | 00451nam a2200157Ia 4500 | ||
|---|---|---|---|
| 008 | 240729s9999 xx 000 0 und d | ||
| 022 | _a2330-1511 | ||
| 245 | 0 | _aProceedings of the American Mathematical Society, Series B | |
| 260 | _aUnited States | ||
| 260 | _bAmerican Mathematical Society | ||
| 650 | _a Mathematics | ||
| 650 | _aScience | ||
| 856 | _uhttps://doaj.org/toc/cf6e5d6f217b4e0e93cf52041cde7d0e | ||
| 942 | _2ddc | ||
| 942 | _cDOAJEJ | ||
| 999 |
_c66397 _d66397 |
||
| 945 |
_a1 _bMadushi Gamage _c1 _dMadushi Gamage |
||